Vplyv neurčitosti na analýzu sociálnych rizík

Vymedzenie pojmu riziko. Význam neurčitosti pri analýze sociálnych rizík. Príčiny neurčitosti sociálnych rizík.

Enregistré dans:
Détails bibliographiques
Auteur principal: Kampová, Katarína
Format: Chapitre de livre
Langue:slovaque
Sujets:
Tags: Ajouter un tag
Pas de tags, Soyez le premier à ajouter un tag!

MARC

LEADER 00000naa$a2200000$$$4500
001 0073565
005 20231113113345.4
041 0 |a slo 
044 |a SK 
245 1 0 |a Vplyv neurčitosti na analýzu sociálnych rizík  |c Katarína Kampová 
520 |a Vymedzenie pojmu riziko. Význam neurčitosti pri analýze sociálnych rizík. Príčiny neurčitosti sociálnych rizík. 
610 2 0 |a analýza sociálna 
610 2 0 |a riziko 
610 2 0 |a modely stochastické 
100 1 |a Kampová, Katarína